00940cam a2200241 a 450000100100000000500170001000800410002704000310006808200180009910000430011724500470016026000320020730000420023949000210028165000300030265000310033283000310036391000330039404900090042795201210043695201260055799900150068300000868020200929161401.0840920s1966 sp ac 000 0 spa  aDO-SdBNPcCarPdDLCdBNPHU a863.64bC392v1 aCela, Camilo José,d1916-2002.9318810aViaje a La Alcarria /cJosé Cela Camilo. aMadrid :bAlfaguara,c1966. a254, [255] p. :bil., port. ;c27 cm.1 aPuerto segurov1 4aCuentos españoles93194 4aLiteratura española9632 0aPuerto seguro ;v1.923123 aCatalogación por copia/ lc aBNGR 001052708MOaGRbGRcCTd2009-09-17iLF1l0o863.64 C392vp8680-10r2020-06-25w2020-06-25y2ZPréstamo interno 001053728MOaGRbGRcCTd2009-10-03iLF1l0o863.64 C392vp8680-20r2020-06-25te.2w2020-06-25y2ZPréstamo interno c8450d8450